00421nam a2200133Ia 450000500170000000800410001702000150005808200130007310000180008624500690010426000480017330000120022150000540023320250620024143.0240331s9999 xx 000 0 und d a9559102168 bTHEa323 aThennakoon, S 0aSri Lankawe sanskruthiya ha mathawathayapilibanda dheshapalanaya aColombobSocial Scientist Associationc1998 a89 p ., aThe politics of Culture and ideology in Sri Lanka